<?xml version="1.0" encoding="UTF-8"?>
<record
    xmlns:xsi="http://www.w3.org/2001/XMLSchema-instance"
    xsi:schemaLocation="http://www.loc.gov/MARC21/slim http://www.loc.gov/standards/marcxml/schema/MARC21slim.xsd"
    xmlns="http://www.loc.gov/MARC21/slim">

  <leader>01315nam2a22002771  4500</leader>
  <controlfield tag="001">rc\2132260</controlfield>
  <controlfield tag="005">20250623002429.0</controlfield>
  <datafield tag="035" ind1=" " ind2=" ">
    <subfield code="a">(NLR Aleph) 006490021</subfield>
  </datafield>
  <datafield tag="090" ind1=" " ind2=" ">
    <subfield code="a">6122724</subfield>
    <subfield code="c">6122724</subfield>
  </datafield>
  <datafield tag="100" ind1=" " ind2=" ">
    <subfield code="a">20110829d1980    |||y0rusy50      ca</subfield>
  </datafield>
  <datafield tag="101" ind1="0" ind2=" ">
    <subfield code="a">rus</subfield>
  </datafield>
  <datafield tag="102" ind1=" " ind2=" ">
    <subfield code="a">RU</subfield>
  </datafield>
  <datafield tag="105" ind1=" " ind2=" ">
    <subfield code="a">y   z   |||||</subfield>
  </datafield>
  <datafield tag="200" ind1="1" ind2=" ">
    <subfield code="a">&#x412;&#x442;&#x43E;&#x440;&#x43E;&#x439; &#x438; &#x442;&#x440;&#x435;&#x442;&#x438;&#x439; &#x434;&#x438;&#x432;&#x430;&#x43D;&#x44B;. &#x412;&#x430;&#x441;&#x438;&#x442;&#x430;&#x442; &#x430;&#x43B;-&#x438;&#x43A;&#x434; &#x438; &#x425;&#x430;&#x442;&#x438;&#x43C;&#x430;&#x442; &#x430;&#x43B;-&#x445;&#x430;&#x439;&#x430;&#x442;</subfield>
    <subfield code="f">&#x41A;&#x440;&#x438;&#x442;. &#x442;&#x435;&#x43A;&#x441;&#x442; &#x438; &#x43F;&#x440;&#x435;&#x434;&#x438;&#x441;&#x43B;. [&#x441;. 5-28] &#x410;. &#x410;&#x444;&#x441;&#x430;&#x445;&#x437;&#x43E;&#x434;&#x430;</subfield>
  </datafield>
  <datafield tag="210" ind1=" " ind2=" ">
    <subfield code="d">1980</subfield>
    <subfield code="a">&#x411;. &#x43C;.</subfield>
  </datafield>
  <datafield tag="215" ind1=" " ind2=" ">
    <subfield code="a">33, 455 &#x441;.</subfield>
  </datafield>
  <datafield tag="300" ind1=" " ind2=" ">
    <subfield code="a">&#x412; &#x432;&#x44B;&#x43F;. &#x434;&#x430;&#x43D;. &#x430;&#x432;&#x442;.: &#x410;&#x431;&#x434;&#x430;&#x440;&#x440;&#x430;&#x445;&#x43C;&#x430;&#x43D; &#x414;&#x436;&#x430;&#x43C;&#x438;</subfield>
  </datafield>
  <datafield tag="300" ind1=" " ind2=" ">
    <subfield code="a">&#x418;&#x437;&#x434;. &#x432;&#x44B;&#x445;&#x43E;&#x434;&#x438;&#x442; &#x441; 1978 &#x433;.</subfield>
  </datafield>
  <datafield tag="461" ind1=" " ind2="0">
    <subfield code="1">001rc\2132258</subfield>
    <subfield code="1">2001#$a&#x422;&#x440;&#x438; &#x434;&#x438;&#x432;&#x430;&#x43D;&#x430;$e&#x41A;&#x440;&#x438;&#x442;&#x438;&#x447;. &#x442;&#x435;&#x43A;&#x441;&#x442;$f&#x410;&#x431;&#x434;&#x443;&#x440;&#x440;&#x430;&#x445;&#x43C;&#x430;&#x43D; &#x414;&#x436;&#x430;&#x43C;&#x438;$g&#x41A;&#x440;&#x438;&#x442;. &#x442;&#x435;&#x43A;&#x441;&#x442; &#x438; &#x43F;&#x440;&#x435;&#x434;&#x438;&#x441;&#x43B;. [&#x441;. 5-21] &#x410;. &#x410;&#x444;&#x441;&#x430;&#x445;&#x437;&#x43E;&#x434;&#x430;$v[&#x422;. 2]</subfield>
    <subfield code="1">700#1$a&#x414;&#x436;&#x430;&#x43C;&#x438;$b&#x410;.$f1414-1492$g&#x410;&#x431;&#x434;&#x443;&#x440;&#x440;&#x430;&#x445;&#x43C;&#x430;&#x43D;</subfield>
    <subfield code="9">7512487</subfield>
    <subfield code="a">&#x414;&#x436;&#x430;&#x43C;&#x438;, &#x410;. (1414-1492)</subfield>
    <subfield code="c">&#x41C;&#x43E;&#x441;&#x43A;&#x432;&#x430;</subfield>
    <subfield code="d">1978-</subfield>
    <subfield code="f">&#x410;&#x431;&#x434;&#x443;&#x440;&#x440;&#x430;&#x445;&#x43C;&#x430;&#x43D; &#x414;&#x436;&#x430;&#x43C;&#x438;</subfield>
    <subfield code="n">&#x41D;&#x430;&#x443;&#x43A;&#x430;</subfield>
    <subfield code="o">&#x41A;&#x440;&#x438;&#x442;&#x438;&#x447;. &#x442;&#x435;&#x43A;&#x441;&#x442;</subfield>
    <subfield code="t">&#x422;&#x440;&#x438; &#x434;&#x438;&#x432;&#x430;&#x43D;&#x430;</subfield>
    <subfield code="v">[&#x422;. 2]</subfield>
  </datafield>
  <datafield tag="517" ind1="0" ind2=" ">
    <subfield code="a">&#x412;&#x430;&#x441;&#x438;&#x442;&#x430;&#x442; &#x430;&#x43B;-&#x438;&#x43A;&#x434; &#x438; &#x425;&#x430;&#x442;&#x438;&#x43C;&#x430;&#x442; &#x430;&#x43B;-&#x445;&#x430;&#x439;&#x430;&#x442;</subfield>
  </datafield>
  <datafield tag="801" ind1=" " ind2="0">
    <subfield code="a">RU</subfield>
    <subfield code="b">NLR</subfield>
    <subfield code="g">psbo</subfield>
  </datafield>
  <datafield tag="801" ind1=" " ind2="1">
    <subfield code="a">RU</subfield>
    <subfield code="b">ELAR</subfield>
    <subfield code="2">rusmarc</subfield>
  </datafield>
  <datafield tag="852" ind1=" " ind2=" ">
    <subfield code="a">NLR</subfield>
    <subfield code="b">&#x41E;&#x41B;&#x421;&#x410;&#x410;</subfield>
  </datafield>
  <datafield tag="942" ind1=" " ind2=" ">
    <subfield code="c">BOOK</subfield>
  </datafield>
  <datafield tag="980" ind1=" " ind2=" ">
    <subfield code="a">NB</subfield>
  </datafield>
  <datafield tag="995" ind1=" " ind2=" ">
    <subfield code="5">2013-10-26</subfield>
    <subfield code="b">NLR01</subfield>
    <subfield code="c">NLR01</subfield>
    <subfield code="e">OLCAA</subfield>
    <subfield code="f">6490021-10</subfield>
    <subfield code="k">&#x41E;&#x41B;&#x421;&#x410;&#x410;</subfield>
    <subfield code="o">0</subfield>
    <subfield code="r">BOOK</subfield>
    <subfield code="s">_</subfield>
  </datafield>
</record>
